Ekstraklasa 2019/2020 - Statystyki

Ogólne statystyki
  • Ten quiz został rozwiązany 15 razy
  • Średni wynik to 14 z 16
Statystyki odpowiedzi
Miejsce w tabeli Punkty Drużyna % Poprawnych
8 52 Jagiellonia Białystok
100%
2 66 Lech Poznań
100%
1 69 Legia Warszawa
100%
3 61 Piast Gliwice
93%
9 53 Górnik Zabrze
86%
6 54 Pogoń Szczecin
86%
5 54 Śląsk Wrocław
86%
13 45 Wisła Kraków
86%
11 53 Zagłębie Lubin
86%
14 40 Arka Gdynia
79%
15 35 Korona Kielce
79%
4 56 Lechia Gdańsk
79%
16 24 ŁKS Łódź
79%
12 51 Wisła Płock
79%
7 53 Cracovia
71%
10 53 Raków Częstochowa
71%
Nie znaleziono quizów pasujących do podanych kryteriów
Rozkład punktacji
Procent ludzi z każdym wynikiem
Percentyl według liczby udzielonych odpowiedzi
Twoja historia wyników
Nie rozwiązałeś tego quizu